LIBRARY & INFORMATION CENTRE, KCAET, TAVANUR

ONLINE PUBLIC ACCESS CATALOGUE (OPAC)

Text Book of Enviromental Studies- For Undergraduate Courses as per UGC Model Syllabus (Record no. 14281)

MARC details
000 -LEADER
fixed length control field 00359nam a22001217a 4500
020 ## - INTERNATIONAL STANDARD BOOK NUMBER
ISBN 9788183711111
082 ## - DEWEY DECIMAL CLASSIFICATION NUMBER
Classification number 628
Item number RAG/TE
100 ## - MAIN ENTRY--AUTHOR NAME
Personal name Raghavan Nabiar,K
245 ## - TITLE STATEMENT
Title Text Book of Enviromental Studies- For Undergraduate Courses as per UGC Model Syllabus
250 ## - EDITION STATEMENT
Edition statement 2
260 ## - PUBLICATION, DISTRIBUTION, ETC. (IMPRINT)
Place of publication Chennai
Name of publisher Scitech Publications (india)Pvt.Ltd
Year of publication 2008
942 ## - ADDED ENTRY ELEMENTS (KOHA)
Koha item type Books
Holdings
Withdrawn status Lost status Damaged status Collection code Home library Current library Shelving location Date acquired Source of acquisition Cost, normal purchase price Full call number Accession Number Koha item type
        KAUAET KAUAET General Stacks 13/06/2016 Professional Books Cochin 450.00 628 RAG/TE 24263 Books
free website counter